[Event "25th Dubai Open A 2025"]
[Site "Dubai UAE"]
[Date "2025.05.27"]
[Round "1.1"]
[White "Borgaonkar, Akshay"]
[Black "Nihal, Sarin"]
[Result "0-1"]
[WhiteTitle "FM"]
[BlackTitle "GM"]
[WhiteElo "2453"]
[BlackElo "2693"]
[WhiteFideId "25639110"]
[BlackFideId "25092340"]
[EventDate "2025.05.27"]

1. e4 d5 2. exd5 Qxd5 3. Nc3 Qd6 4. d4 Nf6 5. Nf3 a6 6. g3 b5 7. Bg2 Bb7 8. O-O
e6 9. Re1 Be7 10. Bf4 Qb6 11. a4 O-O 12. a5 Qa7 13. Bxc7 Nbd7 14. Bf4 Rac8 15.
Qe2 Bb4 16. Bd2 Bxc3 17. Bxc3 Nd5 18. Qd3 Nxc3 19. bxc3 Rc7 20. Ne5 Bxg2 21.
Nxd7 Rxd7 22. Kxg2 Rc8 23. Re3 Qb7+ 24. Kg1 h6 25. Qd2 Rc4 26. Rd3 Rd5 27. Qf4
Qc6 28. Rf3 Rd7 29. Ra3 Ra4 30. Rxa4 bxa4 31. d5 Rxd5 32. Qxf7+ Kh7 33. Qf8 Rd6
34. h4 a3 35. Kh2 Rd1 36. g4 a2 37. g5 Qd6+ 38. Qxd6 Rxd6 39. g6+ Kg8 0-1

[Event "25th Dubai Open A 2025"]
[Site "Dubai UAE"]
[Date "2025.05.27"]
[Round "1.2"]
[White "Sargsyan, Shant"]
[Black "Jubin, Jimmy"]
[Result "1/2-1/2"]
[WhiteTitle "GM"]
[BlackTitle "IM"]
[WhiteElo "2666"]
[BlackElo "2449"]
[WhiteFideId "13306766"]
[BlackFideId "46686614"]
[EventDate "2025.05.27"]

1. e4 c6 2. d4 d5 3. e5 Bf5 4. Nf3 e6 5. Be2 Nd7 6. O-O a5 7. Nbd2 a4 8. c4 Ne7
9. Nh4 Bg6 10. g3 dxc4 11. Nxc4 Nf5 12. Nxg6 hxg6 13. Qd3 Nb6 14. Rd1 Nxc4 15.
Qxc4 Qb6 16. Rb1 Qb4 17. Qc3 Rd8 18. Be3 Be7 19. Qxb4 Bxb4 20. a3 Be7 21. b3
axb3 22. Rxb3 Rd7 23. Rdb1 O-O 24. Rxb7 Rxb7 25. Rxb7 Bxa3 26. Bf3 Rc8 27. Rb3
Be7 28. Rc3 c5 29. d5 exd5 30. Bxd5 Nxe3 31. fxe3 Re8 32. e4 Bd8 33. Rf3 Re7 34.
Kg2 Bc7 35. e6 fxe6 36. Bc4 Be5 37. Kh3 Bf6 38. Kg4 Kh7 39. Ra3 Rd7 40. Bxe6 Re7 1/2-1/2

[Event "25th Dubai Open A 2025"]
[Site "Dubai UAE"]
[Date "2025.05.27"]
[Round "1.3"]
[White "Neelash, Saha"]
[Black "Indjic, Aleksandar"]
[Result "1/2-1/2"]
[WhiteTitle "IM"]
[BlackTitle "GM"]
[WhiteElo "2445"]
[BlackElo "2637"]
[WhiteFideId "5094160"]
[BlackFideId "911925"]
[EventDate "2025.05.27"]

1. d4 Nf6 2. Nf3 e6 3. c4 c5 4. e3 cxd4 5. exd4 Bb4+ 6. Nc3 O-O 7. Bd3 d5 8.
cxd5 exd5 9. O-O Bg4 10. Bg5 Bxc3 11. bxc3 Nbd7 12. h3 Bh5 13. c4 dxc4 14. Bxc4
Rc8 15. Bb3 h6 16. Bd2 Ne4 17. g4 Bg6 18. Re1 Re8 19. Rc1 Rc6 20. Rc2 Rxc2 21.
Bc1 Rc8 22. Bd2 Rc1 23. Bxc1 Kh8 24. Bb2 Qb6 25. Re3 f5 26. gxf5 Bxf5 27. Nh4
Bh7 28. Qg4 Qd6 29. Nf3 Qg6 30. Qxg6 Bxg6 31. Ba4 Nef6 32. Ne5 Bf5 33. Nf7+ Kg8
34. Nd6 Rxe3 35. fxe3 Be6 36. e4 Bxa2 37. Nxb7 Be6 38. Nd6 Nb6 39. Bc2 Bxh3 40.
Bb3+ Kf8 41. Ba3 Ke7 42. Kh2 Be6 43. Nb7+ Ke8 44. Bxe6 Nxe4 45. Bf5 Nc4 46. Bxe4
Nxa3 47. d5 Nc4 48. d6 Ne5 49. Bf5 g5 50. Kg3 h5 51. Kf2 Ng4+ 52. Bxg4 hxg4 53.
Kg3 Kd7 54. Kxg4 Ke6 55. Kxg5 a5 56. Nxa5 Kxd6 1/2-1/2

[Event "25th Dubai Open A 2025"]
[Site "Dubai UAE"]
[Date "2025.05.27"]
[Round "1.4"]
[White "Muradli, Mahammad"]
[Black "Bronstein, Or"]
[Result "1-0"]
[WhiteTitle "GM"]
[BlackTitle "IM"]
[WhiteElo "2603"]
[BlackElo "2443"]
[WhiteFideId "13409301"]
[BlackFideId "2815770"]
[EventDate "2025.05.27"]

1. d4 Nf6 2. c4 e6 3. Nf3 d5 4. g3 Be7 5. Bg2 O-O 6. b3 b6 7. O-O Bb7 8. Nc3
Nbd7 9. Bb2 c5 10. Ne1 Ne4 11. cxd5 exd5 12. Nc2 Bf6 13. Nxe4 dxe4 14. Qd2 Re8
15. Rad1 Qc7 16. dxc5 Bxb2 17. Qxd7 Re7 18. Qxc7 Rxc7 19. Ne3 Rxc5 20. Rd7 Bc6
21. Rc7 Be5 22. Rxc6 Rxc6 23. Bxe4 Rac8 24. Bxc6 Rxc6 25. Rd1 g6 26. Rd7 a6 27.
Ng4 Bg7 28. Rd8+ Bf8 29. Ne5 Rd6 30. Rxd6 Bxd6 31. Nd7 b5 32. e4 Kg7 33. e5 Bc7
34. Kg2 Kh6 35. f4 g5 36. Kf3 gxf4 37. gxf4 Bd8 38. Kg4 1-0

[Event "25th Dubai Open A 2025"]
[Site "Dubai UAE"]
[Date "2025.05.27"]
[Round "1.5"]
[White "Harshavardhan, G B"]
[Black "Tin, Jingyao"]
[Result "1-0"]
[WhiteTitle "IM"]
[BlackTitle "GM"]
[WhiteElo "2441"]
[BlackElo "2601"]
[WhiteFideId "25059009"]
[BlackFideId "5804418"]
[EventDate "2025.05.27"]

1. d4 Nf6 2. c4 e6 3. Nf3 d5 4. g3 Bb4+ 5. Nbd2 O-O 6. Bg2 b6 7. O-O Bb7 8. a3
Be7 9. cxd5 exd5 10. b4 a5 11. b5 c6 12. bxc6 Nxc6 13. Bb2 a4 14. Ne5 b5 15.
Nxc6 Bxc6 16. Nf3 b4 17. Ne5 Bb5 18. axb4 Bxb4 19. Nd3 Ba5 20. Nc5 Re8 21. Bf3
Qe7 22. Nxa4 Ne4 23. Bc1 Bb4 24. Qb3 Bc4 25. Qc2 Nc3 26. Be3 Nxa4 27. Rxa4 Rac8
28. Qf5 g6 29. Qg5 Qxg5 30. Bxg5 Bc3 31. Be3 Rb8 32. Ra3 Bb2 33. Ra7 Rb5 34. g4
h6 35. h4 Kg7 36. g5 hxg5 37. hxg5 Bc3 38. Rc7 Rb2 39. Ra1 Rxe2 40. Bxe2 Bxa1
41. Bxc4 dxc4 42. Rxc4 Re7 43. Rc1 Bb2 44. Rb1 Bc3 45. Rb3 Ba5 46. d5 f5 47. Rb5
Bd8 48. Kg2 Kf7 49. Kf3 Rc7 50. Bf4 Rc3+ 51. Ke2 Rc4 52. Bd2 f4 53. Kd3 Ra4 54.
Rb7+ Ke8 55. Rg7 Bxg5 56. Rxg6 Bh4 57. f3 Kd7 58. Bc3 Ra3 59. Rc6 Bd8 60. Ke4
Bc7 61. Rc4 Bd6 62. Bd2 Ra1 63. Bxf4 Bxf4 64. Kxf4 Kd6 65. Rd4 Ra8 66. Rd3 Rf8+
67. Kg5 Rg8+ 68. Kf6 Rf8+ 69. Kg6 Rg8+ 70. Kf7 Rg1 71. Kf6 Rg3 72. Kf5 Rh3 73.
Kg4 Rh8 74. f4 Rg8+ 75. Kf3 Rh8 76. Rd1 Rf8 77. Kg4 Rg8+ 78. Kh5 Rf8 79. Kg5
Rg8+ 80. Kh6 Ke7 81. Kh7 Kf7 82. d6 Rg2 83. Kh6 Kf6 84. Kh5 Kf5 85. Rd5+ Ke6 86.
d7 1-0

[Event "25th Dubai Open A 2025"]
[Site "Dubai UAE"]
[Date "2025.05.27"]
[Round "1.6"]
[White "Narayanan, S.L."]
[Black "Celik, Hasan Huseyin"]
[Result "1/2-1/2"]
[WhiteTitle "GM"]
[BlackTitle "IM"]
[WhiteElo "2598"]
[BlackElo "2440"]
[WhiteFideId "5058422"]
[BlackFideId "44506759"]
[EventDate "2025.05.27"]

1. Nf3 c5 2. c4 Nf6 3. Nc3 d5 4. cxd5 Nxd5 5. d4 cxd4 6. Qxd4 Nxc3 7. Qxc3 Nc6
8. e4 Bd7 9. Bb5 a6 10. Ba4 b5 11. Bb3 Qa5 12. Bd2 Qxc3 13. Bxc3 e6 14. O-O b4
15. Bd2 Na5 16. Rfc1 Nxb3 17. axb3 Bd6 18. e5 Be7 19. Rc7 Bd8 20. Rc4 Bb5 21.
Rxb4 Rc8 22. Rg4 g6 23. Nd4 O-O 24. Bh6 Re8 25. Nxb5 axb5 26. g3 Be7 27. Rd4 Bf8
28. Bf4 Rc2 29. Rd2 Rxd2 30. Bxd2 Bg7 31. f4 Bf8 32. Kf2 Rd8 33. Ke2 h5 34. Be3
Kg7 35. Ra5 Rd5 36. Ra8 Be7 37. Re8 Rd7 38. h3 f5 39. exf6+ Kxf6 40. Rb8 Rd5 41.
Kf3 Kf7 42. Ke4 Bf6 43. Rc8 Bxb2 44. b4 h4 45. gxh4 Rh5 46. Rc7+ Ke8 47. Rb7 Bf6
48. Bf2 Be7 49. Be1 Kf8 50. Kf3 Ke8 51. Rb8+ Kf7 52. Rb7 Ke8 53. Rb6 Kf7 54. Kg4
Rd5 55. Bc3 Rh5 56. Be5 Bxb4 57. Rb7+ Kf8 58. Rxb5 Be7 59. Rb8+ Kf7 60. Rh8 Rxh8
61. Bxh8 Bf6 62. Bxf6 Kxf6 63. h5 gxh5+ 64. Kxh5 Kf5 65. h4 Kxf4 66. Kg6 e5 67.
h5 e4 68. h6 e3 69. h7 e2 70. h8=Q e1=Q 71. Qf6+ Ke3 72. Qe5+ Kf2 73. Kf6 Qxe5+
74. Kxe5 1/2-1/2

[Event "25th Dubai Open A 2025"]
[Site "Dubai UAE"]
[Date "2025.05.27"]
[Round "1.7"]
[White "Jiang, Haochen"]
[Black "Pichot, Alan"]
[Result "1/2-1/2"]
[BlackTitle "GM"]
[WhiteElo "2439"]
[BlackElo "2587"]
[WhiteFideId "8631930"]
[BlackFideId "110973"]
[EventDate "2025.05.27"]

1. e4 e5 2. Nf3 Nc6 3. Bb5 a6 4. Ba4 Nf6 5. O-O d6 6. Bxc6+ bxc6 7. d4 exd4 8.
Qxd4 c5 9. Qd3 Bb7 10. Nc3 Be7 11. Bf4 O-O 12. h3 Nd7 13. Rfe1 Re8 14. e5 dxe5
15. Nxe5 Nxe5 16. Bxe5 Qxd3 17. cxd3 Rac8 18. Re2 Bf8 19. Rc1 g5 20. g4 Re6 21.
Ne4 Be7 22. Bg3 Rd8 23. Re3 Bxe4 24. Rxe4 Rxe4 25. dxe4 Rd2 26. Be5 f6 27. Bc3
Rd3 28. Kg2 Kf7 29. Rc2 Ke6 30. Bd2 Ke5 31. f3 Kd6 32. Kf2 Kc6 33. Ke2 Rd8 34.
Be3 Kb5 35. b3 h5 36. Rc4 hxg4 37. hxg4 a5 38. Bd2 Bd6 39. Rc3 a4 40. Rd3 Ra8
41. Rd5 axb3 42. axb3 Ra3 43. Bc3 Rxb3 44. Bxf6 Bf4 45. Bxg5 Rb2+ 46. Kd1 Bxg5
47. Rxg5 Kc4 48. Rd5 Rf2 49. Rf5 Kd4 50. Ke1 Ra2 51. e5 Ra6 52. Kd2 Ra2+ 53. Kc1
c4 54. e6 Ra1+ 55. Kc2 Ra2+ 56. Kd1 Ra1+ 57. Ke2 Ra2+ 58. Kf1 Ra1+ 59. Kf2 Ra2+
60. Kg3 Re2 61. Rf4+ Kd3 62. Rf7 Rxe6 63. Rd7+ Rd6 64. Rxc7 c3 65. g5 c2 66. f4
Kd2 67. Kg4 Rd3 68. Rxc2+ Kxc2 69. f5 Rd4+ 70. Kf3 Rd1 71. Ke4 Re1+ 72. Kd5 Rg1
73. g6 Kd3 74. Ke5 Ke3 1/2-1/2

[Event "25th Dubai Open A 2025"]
[Site "Dubai UAE"]
[Date "2025.05.27"]
[Round "1.8"]
[White "Gupta, Abhijeet"]
[Black "Mayank, Chakraborty"]
[Result "0-1"]
[WhiteTitle "GM"]
[BlackTitle "IM"]
[WhiteElo "2577"]
[BlackElo "2436"]
[WhiteFideId "5010608"]
[BlackFideId "25659766"]
[EventDate "2025.05.27"]

1. Nf3 Nf6 2. c4 e6 3. g3 d5 4. Bg2 Be7 5. O-O O-O 6. d4 dxc4 7. Qc2 a6 8. a4
Bd7 9. Qxc4 Bc6 10. Bg5 h6 11. Bxf6 Bxf6 12. Rd1 a5 13. Nc3 Bd5 14. Nxd5 exd5
15. Qb3 Ra6 16. Ne5 c6 17. e4 Rb6 18. Qc3 Rb4 19. Ng4 dxe4 20. Bxe4 Bxd4 21. Qf3
g6 22. Rd3 f5 23. Bxf5 gxf5 24. Nxh6+ Kh7 25. Qh5 Qe8 26. Qh3 Kg6 27. Rf3 Qd7
28. Re1 Bg7 29. Rfe3 Re4 30. Nxf5 Rxe3 31. Qg4+ Kh7 32. Qh4+ Kg8 33. Nxe3 Qe6
34. Rd1 Nd7 35. Ng4 Nc5 36. h3 Nxa4 37. Qg5 Nxb2 38. Rb1 Qd5 39. Qg6 Qd3 40.
Qe6+ Kh7 41. Re1 Qf5 42. Qe7 Nd3 43. Re2 Rf7 44. Qh4+ Kg8 45. Qd8+ Rf8 46. Qc7
Nc5 47. Re7 Qg5 48. Qd6 a4 49. f4 Qh5 50. Ne5 b6 51. g4 Qh6 52. Ng6 Qxh3 53.
Rxg7+ Kxg7 54. Qxf8+ Kxg6 55. Qe8+ Kf6 56. Qe5+ Kf7 57. Qc7+ Ke8 58. Qxc6+ Nd7
59. Qg6+ Kd8 60. Qg8+ Kc7 61. Qc4+ Kb8 62. Qg8+ Kc7 63. Qc4+ Nc5 64. Qf7+ Kc6
65. g5 Qe3+ 66. Kh2 Qe2+ 67. Kg3 a3 0-1

[Event "25th Dubai Open A 2025"]
[Site "Dubai UAE"]
[Date "2025.05.27"]
[Round "1.9"]
[White "Stribuk, Artiom"]
[Black "Iniyan, Pa"]
[Result "0-1"]
[WhiteTitle "IM"]
[BlackTitle "GM"]
[WhiteElo "2433"]
[BlackElo "2573"]
[WhiteFideId "13515659"]
[BlackFideId "25002767"]
[EventDate "2025.05.27"]

1. c4 e5 2. g3 Nf6 3. Bg2 d5 4. cxd5 Nxd5 5. Nf3 Nc6 6. O-O Be7 7. Nc3 Nb6 8. a3
g5 9. d3 g4 10. Nh4 Be6 11. Be3 f5 12. f4 gxf3 13. Nxf3 h5 14. Qd2 h4 15. Ng5
Bc8 16. Nf3 hxg3 17. hxg3 Rg8 18. Bxb6 axb6 19. Qh6 Qd6 20. Qxd6 Bxd6 21. Nb5
Rxg3 22. Nxd6+ cxd6 23. Kf2 Rg8 24. Nd2 Be6 25. Rh1 Kf7 26. Rh7+ Rg7 27. Rxg7+
Kxg7 28. Bxc6 bxc6 29. Nc4 Bxc4 30. dxc4 Kf6 31. Ke3 e4 32. Kd4 Rh8 33. b4 Rh2
34. Re1 Ke6 35. c5 dxc5+ 36. bxc5 b5 37. Rg1 Rxe2 38. Rg6+ Kd7 39. Ke5 Rd2 40.
Rg7+ Kc8 41. Kxf5 e3 42. Re7 e2 43. Kf4 Ra2 44. Kf3 Rxa3+ 45. Kxe2 Rc3 46. Re5
Kb7 47. Kd2 Rc4 48. Kd3 Ka6 0-1

[Event "25th Dubai Open A 2025"]
[Site "Dubai UAE"]
[Date "2025.05.27"]
[Round "1.10"]
[White "Can, Emre"]
[Black "Tsaruk, Maksim"]
[Result "1-0"]
[WhiteTitle "GM"]
[BlackTitle "IM"]
[WhiteElo "2568"]
[BlackElo "2431"]
[WhiteFideId "6302181"]
[BlackFideId "13511173"]
[EventDate "2025.05.27"]

1. e4 e5 2. Nc3 Nf6 3. Bc4 Nxe4 4. Qh5 Nd6 5. Bb3 Be7 6. Qxe5 O-O 7. Nf3 Bf6 8.
Qf4 Re8+ 9. Kf1 a5 10. a4 Na6 11. d4 Nb4 12. g4 b6 13. g5 Ba6+ 14. Kg2 Be7 15.
Ne5 Rf8 16. Be3 Bb7+ 17. f3 g6 18. h4 Nf5 19. Bd2 d6 20. Ng4 h5 21. gxh6 Nxh4+
22. Rxh4 Bxh4 23. Rh1 Kh8 24. d5 f5 25. Rxh4 fxg4 26. Qxg4 Rf5 27. Qd4+ Re5 28.
Bf4 Qf6 29. Rg4 Rf8 30. Ne4 Qf5 31. Bxe5+ dxe5 32. Qc3 Nxd5 33. Bxd5 Bxd5 34.
Rg5 Qf7 35. Rxe5 Kg8 36. Rxd5 1-0

[Event "25th Dubai Open A 2025"]
[Site "Dubai UAE"]
[Date "2025.05.27"]
[Round "1.11"]
[White "Shyaam Nikhil P"]
[Black "Zemlyanskii, Ivan"]
[Result "1/2-1/2"]
[WhiteTitle "GM"]
[BlackTitle "GM"]
[WhiteElo "2430"]
[BlackElo "2563"]
[WhiteFideId "5024218"]
[BlackFideId "24249971"]
[EventDate "2025.05.27"]

1. e4 c5 2. Nf3 d6 3. Nc3 Nf6 4. d4 cxd4 5. Nxd4 g6 6. Be3 Bg7 7. Bc4 O-O 8. f3
Nc6 9. Qd2 Nxd4 10. Bxd4 Be6 11. Bb3 Qa5 12. O-O Nd7 13. Rad1 Rfc8 14. Nd5 Bxd4+
15. Qxd4 Bxd5 16. exd5 Qc5 17. Rfe1 Kf8 18. Re3 Qxd4 19. Rxd4 Rc7 20. c3 b5 21.
Rb4 a6 22. a3 Nb6 23. Kf2 Rc5 24. Rd4 Rb8 25. Re2 a5 26. Ke3 Nd7 27. Kd2 Rc7 28.
Re1 Ne5 29. f4 Nd7 30. g4 Rcb7 31. Ra1 h6 32. h4 Kg7 33. Bc2 g5 34. hxg5 hxg5
35. Rh1 Rh8 36. Rxh8 Kxh8 37. fxg5 Ne5 38. Kc1 Kg7 39. b3 Nf3 40. Rf4 Nxg5 41.
Kb2 Rc7 42. b4 axb4 43. axb4 e5 44. dxe6 fxe6 45. Bd3 Rb7 46. Rf1 Nf7 47. Rh1
Kf6 48. Rh7 Rb6 49. Kc2 d5 50. Rh5 Rb8 51. Kd2 Rg8 52. Bxb5 Rxg4 53. Be2 Rg2 54.
Ke3 Nd6 55. Bf3 Nc4+ 56. Kd4 Rd2+ 57. Kc5 Ne5 58. Rh3 Nd3+ 59. Kd6 Nf4 60. Rh4
e5 61. b5 Kg5 62. Rg4+ Kf5 63. Rg8 Rb2 1/2-1/2

[Event "25th Dubai Open A 2025"]
[Site "Dubai UAE"]
[Date "2025.05.27"]
[Round "1.12"]
[White "Gorshtein, Ido"]
[Black "Goutham Krishna H"]
[Result "1-0"]
[WhiteTitle "GM"]
[BlackTitle "IM"]
[WhiteElo "2560"]
[BlackElo "2427"]
[WhiteFideId "2815532"]
[BlackFideId "25983504"]
[EventDate "2025.05.27"]

1. d4 Nf6 2. c4 g6 3. Nc3 Bg7 4. e4 d6 5. h3 O-O 6. Be3 c6 7. Nf3 Na6 8. Bd3 e5
9. O-O Nd7 10. Re1 Qe7 11. a3 Nc7 12. Bf1 c5 13. dxc5 dxc5 14. Nd5 Qd8 15. Nxc7
Qxc7 16. Qd5 Re8 17. Ng5 Re7 18. b4 h6 19. Nf3 Re6 20. Rad1 Bf8 21. Qd2 Kh7 22.
b5 b6 23. Qc2 Re8 24. Nd2 Bg7 25. Nb1 Nf8 26. Nc3 Ne6 27. Nd5 Qb7 28. Rc1 Bd7
29. a4 a5 30. h4 h5 31. g3 Rac8 32. Qd2 Nd4 33. Bxd4 cxd4 34. c5 bxc5 35. Qxa5
Be6 36. Qa6 Bxd5 37. exd5 Qxd5 38. Bg2 Qb3 39. Rb1 Qa2 40. b6 Rb8 41. Qb5 f5 42.
Bf1 e4 43. Bc4 Qd2 44. Red1 Qh6 45. Qxc5 Rec8 46. Qd6 f4 47. b7 Rf8 48. gxf4 Bf6
49. a5 d3 50. a6 Bxh4 51. Qc7+ Kh8 52. Rb2 Rbe8 53. a7 Bxf2+ 54. Rxf2 e3 55.
b8=Q exf2+ 56. Kf1 1-0

[Event "25th Dubai Open A 2025"]
[Site "Dubai UAE"]
[Date "2025.05.27"]
[Round "1.14"]
[White "Grebnev, Aleksey"]
[Black "Pham Tran Gia Phuc"]
[Result "1-0"]
[WhiteTitle "GM"]
[BlackTitle "IM"]
[WhiteElo "2556"]
[BlackElo "2424"]
[WhiteFideId "34189030"]
[BlackFideId "12415669"]
[EventDate "2025.05.27"]

1. e4 c5 2. Nf3 Nc6 3. Bb5 g6 4. O-O Bg7 5. Re1 a6 6. Bxc6 dxc6 7. d3 Qc7 8. h3
e5 9. a4 a5 10. Be3 b6 11. Nbd2 Ne7 12. Nc4 O-O 13. Qd2 Be6 14. b3 f6 15. Bh6
Nc8 16. Bxg7 Kxg7 17. Qc3 Nd6 18. Nfxe5 Nxc4 19. Nxc4 b5 20. Ne3 Qe5 21. Qxe5
fxe5 22. Ra3 b4 23. Raa1 Rad8 24. Kf1 Rd7 25. Ke2 Rdf7 26. f3 g5 27. Rad1 Rd7
28. Rh1 Rf4 29. g3 Rf6 30. h4 Rdf7 31. Rdf1 h6 32. hxg5 hxg5 33. Rh5 Rg6 34.
Rfh1 Kf8 35. Rh8+ Ke7 36. g4 1-0

[Event "25th Dubai Open A 2025"]
[Site "Dubai UAE"]
[Date "2025.05.27"]
[Round "1.15"]
[White "Hayrapetyan, Hovik"]
[Black "Pranav, Anand"]
[Result "1/2-1/2"]
[WhiteTitle "GM"]
[BlackTitle "GM"]
[WhiteElo "2423"]
[BlackElo "2555"]
[WhiteFideId "13302639"]
[BlackFideId "46626786"]
[EventDate "2025.05.27"]

1. d4 Nf6 2. c4 e6 3. Nc3 Bb4 4. Nf3 d5 5. e3 O-O 6. Bd2 b6 7. cxd5 exd5 8. Bd3
Bd6 9. Qc2 Na6 10. a3 c5 11. Ne5 Nc7 12. f4 g6 13. Qb1 Ne6 14. Ne2 Ng7 15. Ng3
h5 16. O-O h4 17. Nh1 Bf5 18. Nf2 Qc8 19. dxc5 bxc5 20. e4 dxe4 21. Nxe4 Bxe5
22. fxe5 Nxe4 23. Bxe4 Qd7 24. Bc3 h3 25. g4 Bxg4 26. Bxa8 Rxa8 27. Qe4 Rd8 28.
e6 Qxe6 29. Rae1 Qxe4 30. Rxe4 Be6 31. Rh4 Rd5 32. Kf2 Nh5 33. Ke3 Kh7 34. Rf2
Kh6 35. Rd2 Rg5 36. Ra4 f5 37. Be5 Rg1 38. Kf2 Rg2+ 39. Ke3 Rg1 40. Bd6 c4 41.
Rxa7 Nf6 42. Ra6 Ng4+ 43. Kd4 Re1 44. a4 Kg5 45. a5 f4 46. Ra8 f3 47. Be7+ Kf4
48. Bd6+ Kg5 49. Bg3 Rg1 50. a6 Rg2 51. Kc3 f2 52. Rf8 Bf5 53. Bxf2 Nxf2 54.
Rxf5+ gxf5 55. Rxf2 Rxf2 56. a7 Rxh2 57. a8=Q Rf2 58. Qg8+ Kh4 59. Qxc4+ f4 60.
Qe4 h2 61. b4 Rf1 62. Qh7+ Kg3 63. Qg6+ Kf2 64. Qc2+ 1/2-1/2

[Event "25th Dubai Open A 2025"]
[Site "Dubai UAE"]
[Date "2025.05.27"]
[Round "1.16"]
[White "Sanal, Vahap"]
[Black "Dau Khuong Duy"]
[Result "1-0"]
[WhiteTitle "GM"]
[BlackTitle "IM"]
[WhiteElo "2555"]
[BlackElo "2423"]
[WhiteFideId "6300545"]
[BlackFideId "12424722"]
[EventDate "2025.05.27"]

1. e4 c5 2. Nf3 d6 3. Bb5+ Nd7 4. d4 cxd4 5. Nxd4 Nf6 6. Bd3 Nc5 7. Nc3 g6 8.
O-O Bg7 9. Re1 O-O 10. Bf1 Bd7 11. Nb3 Na4 12. Nxa4 Bxa4 13. f3 Rc8 14. Be3 Nd7
15. Nd4 d5 16. b3 e5 17. exd5 exd4 18. Bxd4 Nf6 19. bxa4 Qxd5 20. c4 Qc6 21. Bf2
Rfd8 22. Qb3 Bf8 23. Bxa7 Ra8 24. Bb6 Rd2 25. a5 Bc5+ 26. Kh1 Nd7 27. Qc3 Bxb6
28. axb6 Rd6 29. a4 Nxb6 30. a5 Na4 31. Qb4 Nc5 32. Kg1 Ne6 33. Re5 Qd7 34. Qb5
Rc6 35. Rd5 Qc8 36. Qb4 b6 37. Qb2 bxa5 38. Raxa5 Rxa5 39. Rxa5 Rd6 40. Rb5 Rd8
41. Qa1 Qc7 42. Kh1 h5 43. Rb1 Qf4 44. Re1 Rd2 45. Qc3 1-0

[Event "25th Dubai Open A 2025"]
[Site "Dubai UAE"]
[Date "2025.05.27"]
[Round "1.17"]
[White "Talibov, Shiroghlan"]
[Black "Gavrilescu, David"]
[Result "1-0"]
[WhiteTitle "IM"]
[BlackTitle "GM"]
[WhiteElo "2423"]
[BlackElo "2554"]
[WhiteFideId "13429078"]
[BlackFideId "1227190"]
[EventDate "2025.05.27"]

1. e4 c5 2. Nf3 d6 3. Nc3 Nf6 4. d4 cxd4 5. Nxd4 a6 6. Bg5 e6 7. f4 Qb6 8. Qd2
Qxb2 9. Rb1 Qa3 10. f5 b5 11. fxe6 Bxe6 12. Bxf6 gxf6 13. Nd5 Qc5 14. a4 Bxd5
15. exd5 Bh6 16. Qxh6 Qxd4 17. Qg7 Rf8 18. axb5 Nd7 19. Be2 Nc5 20. Rd1 Qb4+ 21.
Kf1 Qf4+ 22. Bf3 axb5 23. Qg3 Ra4 24. Rb1 Qc4+ 25. Be2 Qxc2 26. Re1 Re4 27. Qxd6
Nd7 28. Qa6 Ke7 29. d6+ Ke6 30. Qxb5 Ne5 31. Qb6 Qc3 32. d7+ Ke7 33. Rd1 Nc6 34.
Qc7 Ke6 35. Qd6+ Kf5 36. Bd3 Qe5 37. Bxe4+ Qxe4 38. Qc5+ Kg6 39. Qd5 Qf4+ 40.
Qf3 Qa4 41. Qg3+ Kh6 42. Qe3+ Kg7 43. Ke2 Rd8 44. Rd5 Ne5 45. Rhd1 Rxd7 46. Qg3+
Kf8 47. Rxd7 Nxd7 48. Qd6+ Ke8 49. Qd4 Qc6 50. Qd5 Qc7 51. Qd6 Qc4+ 52. Kf2 Qe6
53. Qb4 Qa2+ 54. Rd2 Qa7+ 55. Qd4 Qb7 56. h3 Qc7 57. Qd6 Qa7+ 58. Ke2 Qa4 59.
Kf2 Qa7+ 60. Kf1 Qa4 61. Re2+ Kd8 62. Qe7+ Kc8 63. Qe8+ Kc7 64. Qxf7 Qd1+ 65.
Re1 Qd3+ 66. Kg1 Qd2 67. Qe7 h5 68. Qe3 Qd5 69. Qf2 Kd8 70. Qf4 Qd3 71. Kh2 Qd5
72. Re2 Qc5 73. Rd2 Ke7 74. Qe4+ Ne5 75. Qh7+ Nf7 76. Qe4+ Ne5 77. Qf5 Qc7 78.
Re2 Qc4 79. Rf2 Qh4 80. Kg1 Nf7 81. Qf4 Qg5 82. Re2+ Kf8 83. Qxg5 fxg5 84. Re6
Kg7 85. Kf2 Nh6 86. Ra6 Nf5 87. g3 Kf7 88. Kf3 Nd4+ 89. Ke4 Ne2 90. g4 Ng3+ 91.
Ke5 h4 92. Ra8 Kg6 93. Rg8+ Kh6 94. Ke6 Ne4 95. Kf5 Nd6+ 96. Ke5 Kh7 97. Rxg5
Nf7+ 98. Kf6 1-0

[Event "25th Dubai Open A 2025"]
[Site "Dubai UAE"]
[Date "2025.05.27"]
[Round "1.18"]
[White "Aditya, Mittal"]
[Black "Ghimpu, Samuel-Timotei"]
[Result "1-0"]
[WhiteTitle "GM"]
[BlackTitle "IM"]
[WhiteElo "2547"]
[BlackElo "2421"]
[WhiteFideId "35042025"]
[BlackFideId "1238175"]
[EventDate "2025.05.27"]

1. c4 e6 2. Nc3 d5 3. d4 Nf6 4. cxd5 exd5 5. Bg5 Bb4 6. e3 h6 7. Bh4 g5 8. Bg3
Ne4 9. Qc2 Bf5 10. Bd3 Bxc3+ 11. bxc3 Qe7 12. Rb1 c5 13. dxc5 Na6 14. Qa4+ Bd7
15. Qd4 O-O 16. Bd6 Nxd6 17. cxd6 Qxd6 18. h4 f6 19. hxg5 fxg5 20. Be4 Bc6 21.
Nf3 Nc5 22. Bc2 Rf6 23. Rd1 Raf8 24. c4 Ne6 25. Qd3 Qb4+ 26. Rd2 Qe7 27. cxd5
Nf4 28. Qb3 Nxg2+ 29. Kd1 Bd7 30. d6+ Qe6 31. Ne5 Kg7 32. Qd3 Rf5 33. Nxd7 Qxd7
34. Qd4+ R5f6 35. Qe4 Nxe3+ 36. fxe3 Kh8 37. Qe7 R8f7 38. Qe5 Kg7 39. Rf1 g4 40.
Kc1 g3 41. Qxg3+ Kf8 42. Rxf6 Rxf6 43. Rf2 1-0

[Event "25th Dubai Open A 2025"]
[Site "Dubai UAE"]
[Date "2025.05.27"]
[Round "1.19"]
[White "Piliposyan, Robert"]
[Black "Sokolovsky, Yahli"]
[Result "1/2-1/2"]
[WhiteTitle "IM"]
[BlackTitle "GM"]
[WhiteElo "2416"]
[BlackElo "2539"]
[WhiteFideId "13309978"]
[BlackFideId "2820242"]
[EventDate "2025.05.27"]

1. e4 c5 2. Nf3 d6 3. Bb5+ Nd7 4. d4 cxd4 5. Qxd4 a6 6. Be2 Ngf6 7. O-O e5 8.
Qe3 Nc5 9. Nc3 Ng4 10. Qd2 Nf6 11. Rd1 Bd7 12. Bc4 b5 13. b4 Na4 14. Nxa4 bxc4
15. Nc3 Qc7 16. Qe2 h6 17. Nd2 Be7 18. Nf1 O-O 19. Ne3 Qb7 20. Qxc4 Bb5 21. Qb3
Nxe4 22. Nxb5 axb5 23. Nd5 Rac8 24. a4 bxa4 25. Rxa4 Bh4 26. g3 Bg5 27. Qd3 f5
28. f3 Nf6 29. Bxg5 hxg5 30. Qa6 Qxa6 31. Rxa6 Rxc2 32. Rxd6 Ra8 33. Ne3 Re2 34.
Rd8+ Rxd8 35. Rxd8+ Kf7 36. Nxf5 g6 37. Nh6+ Kg7 38. Ng4 Nxg4 39. fxg4 Re4 40.
b5 Rxg4 41. b6 Rb4 42. Rd6 Rb2 1/2-1/2

[Event "25th Dubai Open A 2025"]
[Site "Dubai UAE"]
[Date "2025.05.27"]
[Round "1.20"]
[White "Petkov, Momchil"]
[Black "Sahib, Singh"]
[Result "1/2-1/2"]
[WhiteTitle "GM"]
[BlackTitle "FM"]
[WhiteElo "2524"]
[BlackElo "2416"]
[WhiteFideId "2921642"]
[BlackFideId "25618342"]
[EventDate "2025.05.27"]

1. d4 d5 2. Nf3 Nf6 3. g3 e6 4. Bg2 Be7 5. O-O O-O 6. Nbd2 c5 7. dxc5 Nc6 8. c4
Bxc5 9. e3 Qe7 10. a3 a5 11. b3 Rd8 12. Bb2 b6 13. Qb1 Ba6 14. Rd1 Rac8 15. Ng5
h6 16. Bxf6 Qxf6 17. Qh7+ Kf8 18. cxd5 exd5 19. Ngf3 Ke7 20. Bf1 Bxf1 21. Rxf1
Qg6 22. Qxg6 fxg6 23. a4 g5 24. h3 Bb4 25. Rfc1 h5 26. Nf1 g4 27. hxg4 hxg4 28.
Nd4 Nxd4 29. exd4 Bc3 30. Rab1 Bxd4 31. Rxc8 Rxc8 32. Rd1 Bc5 33. Rxd5 Rf8 34.
Nh2 Bxf2+ 35. Kg2 Ke6 36. Rd3 Bc5 37. Nxg4 Kf5 38. Nf2 Ke5 39. Nh3 Rf7 40. Rd2
Be3 41. Rd8 Ke4 42. Rd6 Ke5 43. Rd3 Ke4 44. Rd6 Ke5 45. Rd3 1/2-1/2